| 000 | 00443pab a2200157 454500 | ||
|---|---|---|---|
| 008 | 180718b2001 xxu||||| |||| 00| 0 eng d | ||
| 100 | _aPanchamukhi, V.R. | ||
| 245 | _aConceptual and policy issues in rules of origin: implications of SAPTA and SAFTA | ||
| 260 | _c2001 | ||
| 300 | _ap.253-79 | ||
| 362 | _aJul-Dec | ||
| 650 | _aInternational trade | ||
| 700 | _aDas, Ram Upendra | ||
| 773 | _aSouth Asia Economic Journal | ||
| 909 | _a51266 | ||
| 999 |
_c51266 _d51266 |
||